Connected opportunities for all (Record no. 80657)

MARC details
000 -LEADER
fixed length control field 01010cab a22002055a 4500
001 - CONTROL NUMBER
control field L144945
008 - FIXED-LENGTH DATA ELEMENTS--GENERAL INFORMATION
fixed length control field 080826s2008 xxko f 000 0 eng d
035 ## - SYSTEM CONTROL NUMBER
System control number (Sirsi) u144945
041 0# - LANGUAGE CODE
Language code of text/sound track or separate title eng
100 1# - MAIN ENTRY--PERSONAL NAME
Personal name Macleod, Andy
245 00 - TITLE STATEMENT
Title Connected opportunities for all
260 ## - PUBLICATION, DISTRIBUTION, ETC.
Date of publication, distribution, etc. 2008
490 ## - SERIES STATEMENT
Series statement Building Engineer
Volume/sequential designation 83(8) August 2008, 24-25(2)
520 ## - SUMMARY, ETC.
Summary, etc. Discusses the concept of intelligent buildings and the benefits that the Internet brings to the construction industry. Analyses the Connected Real Estate concept, which means including an Internet Protocol (IP) network in the building design process. Reports its advantages like security control, temperature control, and leak detection. Shows the sectors using it outside and inside the UK. Presents the main areas of use in the UK as the leisure, entertainment and retail industries.
590 ## - LOCAL NOTE (RLIN)
Local note KA
651 #4 - SUBJECT ADDED ENTRY--GEOGRAPHIC NAME
Geographic name England and Wales
Chronological subdivision 1543-
690 ## - LOCAL SUBJECT ADDED ENTRY--TOPICAL TERM (OCLC, RLIN)
Topical term or geographic name as entry element BUILT ENVIRONMENT-CONSTRUCTION DESIGN
700 1# - ADDED ENTRY--PERSONAL NAME
Personal name Hernandez, Maria
942 ## - ADDED ENTRY ELEMENTS (KOHA)
Suppress in OPAC 0
Holdings
Withdrawn status Lost status Source of classification or shelving scheme Damaged status Not for loan Home library Current library Shelving location Date acquired Total Checkouts Full call number Barcode Date last seen Copy number Price effective from Koha item type
    Dewey Decimal Classification     London London Journal article 26/08/2008   L144945 144945-1001 06/08/2019 1 06/08/2019 Journal article